000
00186nam a2200073Ia 4500
008
170817s9999 xx 000 0 und d
100
_a
Kleiser.Grenville
245
0
_a
Common Mistakes In English
260
_b
A. P. H. PUB.
999
_c
38509
_d
38509